LEADER 01188nam0-22003731i-450- 001 990005428720203316 005 20010829120000.0 035 $a000542872 035 $aUSA01000542872 035 $a(ALEPH)000542872USA01 035 $a000542872 100 $a20010829d1994-------|0enac50------ba 101 $aeng 102 $aGB 105 $a||||Z 1|||| 200 1 $aPost Keynesian macroeconomic theory$ea foundation for successful economic policies for the twenty first century$fPaul Davidson 210 $aAldershot$cEdward Elgar$d1994. 309 p. ; 24 cm 606 $aMacroeconomia$2FI 606 $aEconomia Keynesiana$2FI 620 $dAldershot 676 $a339.3$cConti e contabilità del prodotto, della ricchezza$v21 700 1$aDAVIDSON,$bPaul$0118268 712 $aEdward Elgar 801 $aIT$bSOL$c20120104 912 $a990005428720203316 950 $aDIP.TO SCIENZE ECONOMICHE - (SA)$dDS 300 339.3 DAV$e21 DISES 951 $a300 339.3 DAV$b21 DISES 959 $aBK 969 $aDISES 979 $c20121027$lUSA01$h1531 979 $c20121027$lUSA01$h1612 996 $aPost Keynesian macroeconomic theory$9265174 997 $aUNISA NUM $aUSA2031 LEADER 02766nam 2200661Ia 450 001 9911019659603321 005 20200520144314.0 010 $a9786612347221 010 $a9781282347229 010 $a1282347225 010 $a9780470142936 010 $a0470142936 010 $a9780470143377 010 $a0470143371 035 $a(CKB)1000000000376781 035 $a(EBL)456121 035 $a(SSID)ssj0000353718 035 $a(PQKBManifestationID)11275838 035 $a(PQKBTitleCode)TC0000353718 035 $a(PQKBWorkID)10302035 035 $a(PQKB)10958246 035 $a(MiAaPQ)EBC456121 035 $a(OCoLC)123566604 035 $a(Perlego)2749561 035 $a(EXLCZ)991000000000376781 100 $a19860407d1987 uy 0 101 0 $aeng 135 $aur|n|---||||| 181 $ctxt 182 $cc 183 $acr 200 00$aAb initio methods in quantum chemistry$hPart I /$fedited by K.P Lawley 210 $aChichester [West Sussex] ;$aNew York $cWiley$dc1987 215 $a1 online resource (568 p.) 225 1 $aAdvances in chemical physics ;$v67 300 $aDescription based upon print version of record. 311 08$a9780471909002 311 08$a0471909009 320 $aIncludes bibliographies and indexes. 327 $aAB INITIO METHODS IN QUANTUM CHEMISTRY-Part I; CONTENTS; EXCITED-STATE POTENTIALS; MOLECULAR PROPERTY DERIVATIVES; TRANSITION STRUCTURE COMPUTATIONS AND THEIR ANALYSIS; OPTIMIZATION OF EQUILIBRIUM GEOMETRIES AND TRANSITION STRUCTURES; RELATIVISTIC QUANTUM CHEMISTRY; EFFECTIVE HAMILTONIANS AND PSEUDO-OPERATORS AS TOOLS FOR RIGOROUS MODELLING; MOLECULAR CALCULATIONS WITH THE DENSITY FUNCTIONAL FORMALISM; BASIS SETS; THE COUPLED PAIR .APPROXIMATION; AUTHOR INDEX; SUBJECT INDEX 330 $aThe Advances in Chemical Physics series provides the chemical physics and physical chemistry fields with a forum for critical, authoritative evaluations of advances in every area of the discipline. Filled with cutting-edge research reported in a cohesive manner not found elsewhere in the literature, each volume of the Advances in Chemical Physics series serves as the perfect supplement to any advanced graduate class devoted to the study of chemical physics. 410 0$aAdvances in chemical physics ;$v67. 606 $aQuantum chemistry 606 $aQuantum theory 615 0$aQuantum chemistry. 615 0$aQuantum theory. 676 $a541.2/8 676 $a541.28 676 $a541.305 676 $a541/.08 701 $aLawley$b K. P$0878056 801 0$bMiAaPQ 801 1$bMiAaPQ 801 2$bMiAaPQ 906 $aBOOK 912 $a9911019659603321 996 $aAb initio methods in quantum chemistry$94417499 997 $aUNINA